00230nam a22000977a 4500008004100000082001100041245004300052260000900095300001000104440001800114180806b xxu||||| |||| 00| 0 eng d b813.52 aNon small cell lung cancercJAHANZEB.M c2006 a1fCD xLUNN001801106